Rice cropping systems in baray district, kampong thom province (ប្រពន្ធ័ដាំដុះដំណាំស្រូវនៅស្រុកបារាយណ៏ខេត្តកំពង់ធំ) (Record no. 1496)

000 -LEADER
fixed length control field 00581nam a22001577a 4500
003 - CONTROL NUMBER IDENTIFIER
control field OSt
005 - DATE AND TIME OF LATEST TRANSACTION
control field 20150930094048.0
008 - FIXED-LENGTH DATA ELEMENTS--GENERAL INFORMATION
fixed length control field 150930b xxu||||| |||| 00| 0 eng d
040 ## - CATALOGING SOURCE
Transcribing agency RUA
082 ## - DEWEY DECIMAL CLASSIFICATION NUMBER
Classification number AGR THO 2011 B047 Or.1
100 ## - MAIN ENTRY--PERSONAL NAME
9 (RLIN) 1585
Personal name THO, SREYLEAK.
245 ## - TITLE STATEMENT
Title Rice cropping systems in baray district, kampong thom province (ប្រពន្ធ័ដាំដុះដំណាំស្រូវនៅស្រុកបារាយណ៏ខេត្តកំពង់ធំ)
260 ## - PUBLICATION, DISTRIBUTION, ETC. (IMPRINT)
Place of publication, distribution, etc. Phnom Penh
Name of publisher, distributor, etc. RUA
Date of publication, distribution, etc. 2011
300 ## - PHYSICAL DESCRIPTION
Extent xii,56p.
Other physical details ill.
Dimensions 29cm.
942 ## - ADDED ENTRY ELEMENTS (KOHA)
Source of classification or shelving scheme
Koha item type AGR
Holdings
Price effective from Date last seen Permanent Location Not for loan Date acquired Source of classification or shelving scheme Koha item type Lost status Withdrawn status Date last checked out Total Checkouts Shelving location Damaged status Barcode Current Location Full call number
2015-09-302019-10-11Library Block B 2015-09-30 AGR  2019-10-041B047 RUA000951Library Block BAGR THO 2011 B047 Or.1
2015-09-302016-07-20Library Block B 2015-09-30 AGR  2016-07-191B047 RUA000869Library Block BAGR THO 2011 B047 Or.2
មជ្ឈមណ្ឌលឯការនៃសាកលវិទ្យាល័យភូមិន្ទកសិកម្មចំការដូង

Powered by Koha